| 000 | 00358nam a2200145 a 4500 | ||
|---|---|---|---|
| 005 | 20140412111325.0 | ||
| 008 | 110115s19uu xx 00 eng d | ||
| 020 | _a0-590-72943-8 | ||
| 050 |
_aBB _bM228 1989 |
||
| 100 | _aMcMillan, Bruce | ||
| 245 |
_aTime to / _cBruce McMillan. |
||
| 260 |
_aNY : _bScholastic, _c1989. |
||
| 300 | _aunp. | ||
| 999 |
_c104613 _d104613 |
||